[Event "Chernivtsi op"]
[Site "Chernivtsi"]
[Date "2021.07.21"]
[Round "2"]
[White "Melnyk, Vladyslav"]
[Black "Guk, Ilja"]
[Result "0-1"]
[WhiteElo "1834"]
[BlackElo "2082"]
[PlyCount "116"]
[EventDate "2021.07.20"]
[EventType "swiss"]
[EventRounds "9"]
[EventCountry "UKR"]
[SourceTitle "CBM 203 Extra"]
[Source "ChessBase"]
[SourceDate "2021.09.30"]
[SourceVersion "1"]
[SourceVersionDate "2021.09.30"]
[SourceQuality "1"]

1. e4 c5 2. Nf3 e6 3. d4 cxd4 4. Nxd4 Nf6 5. Nc3 d6 6. Be2 Be7 7. 0-0 0-0 8. Be3 Nc6 9. Nb3 a6 10. f4 Qc7 11. Bf3 Rb8 12. a4 b6 13. Qe2 Bb7 14. Rad1 Rfd8 15. g4 Nb4 16. g5 Nd7 17. Rd4 Nc6 18. Rd2 Nc5 19. Nd4 Nxd4 20. Rxd4 e5 21. Rc4 b5 22. axb5 axb5 23. Rb4 exf4 24. Bxf4 Ne6 25. Be3 Bxg5 26. Bxg5 Qc5+ 27. Qe3 Qxb4 28. Bxd8 Rxd8 29. Be2 Qd4 30. Qxd4 Nxd4 31. Bxb5 Nxb5 32. Nxb5 Bxe4 33. c4 d5 34. Rd1 Rb8 35. Nd6 f5 36. c5 d4 37. Nxe4 fxe4 38. Rxd4 Rxb2 39. Rc4 e3 40. Kf1 Rxh2 41. c6 Rf2+ 42. Ke1 Rf8 43. Ke2 Re8 44. c7 Rc8 45. Kxe3 Kf7 46. Kf4 Ke6 47. Kg5 Kd6 48. Rh4 h6+ 49. Kg6 Rxc7 50. Re4 Re7 51. Ra4 Ke5 52. Ra5+ Kf4 53. Rf5+ Kg4 54. Ra5 Re6+ 55. Kxg7 h5 56. Ra4+ Kf5 57. Ra5+ Re5 58. Ra6 h4 0-1

[Event "Mukachevo Summer op"]
[Site "Mukachevo"]
[Date "2017.07.05"]
[Round "3"]
[White "Lukiyanchuk, Vladislav"]
[Black "Guk, Ilja"]
[Result "1-0"]
[WhiteElo "2376"]
[BlackElo "2133"]
[PlyCount "83"]
[EventDate "2017.07.04"]
[EventType "swiss"]
[EventRounds "9"]
[EventCountry "UKR"]
[SourceTitle "CBM 179 Extra"]
[Source "ChessBase"]
[SourceDate "2017.08.23"]
[SourceVersion "1"]
[SourceVersionDate "2017.08.23"]
[SourceQuality "1"]

1. d4 Nf6 2. c4 e6 3. g3 d5 4. Nf3 Be7 5. Bg2 0-0 6. 0-0 dxc4 7. Ne5 Nc6 8. Nxc6 bxc6 9. Bxc6 Rb8 10. Nc3 Bb7 11. Qa4 Qxd4 12. Be3 Qe5 13. Qxc4 Bxc6 14. Qxc6 Rxb2 15. Bxa7 Bb4 16. Rfc1 Bxc3 17. Qxc3 Qxe2 18. Bd4 Rxa2 19. Rxa2 Qxa2 20. Bxf6 gxf6 21. Qxf6 Qd5 22. Rxc7 Qd1+ 23. Kg2 Qd5+ 24. f3 Qf5 25. Qxf5 exf5 26. Rc5 Kg7 27. Rxf5 h6 28. h4 Ra8 29. Kh3 Ra4 30. Rb5 Rc4 31. Rb6 Ra4 32. Rb5 Rc4 33. f4 Rc3 34. Kg4 Ra3 35. Rb6 Rc3 36. f5 Rc4+ 37. Kh5 Rc3 38. g4 Rh3 39. f6+ Kh7 40. Rb7 Kg8 41. Rb8+ Kh7 42. Rf8 1-0

[Event "Yuzhny op"]
[Site "Yuzhny"]
[Date "2011.09.05"]
[Round "4"]
[White "Guk, Ilja"]
[Black "Modlo, Alexey"]
[Result "1/2-1/2"]
[WhiteElo "2277"]
[BlackElo "2036"]
[PlyCount "102"]
[EventDate "2011.09.03"]
[EventType "swiss"]
[EventRounds "9"]
[EventCountry "UKR"]
[SourceTitle "CBM 144 Extra"]
[Source "ChessBase"]
[SourceDate "2011.10.28"]
[SourceVersion "1"]
[SourceVersionDate "2011.10.28"]
[SourceQuality "1"]

1. d4 d5 2. c4 c6 3. Nf3 Nf6 4. Nbd2 Bf5 5. g3 e6 6. Bg2 Nbd7 7. Nh4 Bg6 8. Nxg6 hxg6 9. 0-0 Be7 10. b3 Bb4 11. Bb2 Qa5 12. Nb1 dxc4 13. bxc4 Qh5 14. h3 Bd6 15. e4 Qxd1 16. Rxd1 Bc7 17. e5 Ng8 18. Nd2 0-0-0 19. Ne4 Nb6 20. Rac1 Kb8 21. Ba3 Nh6 22. g4 Rd7 23. Bd6 Rhd8 24. Nc5 Rxd6 25. exd6 Bxd6 26. Nxb7 Kxb7 27. c5 Bxc5 28. dxc5 Rxd1+ 29. Rxd1 Nd5 30. Rb1+ Kc8 31. Bf1 Nc7 32. a4 Ng8 33. a5 Nf6 34. f3 Nd7 35. Rc1 Nd5 36. Kf2 Kc7 37. h4 f5 38. gxf5 gxf5 39. Be2 Nf4 40. Ba6 g6 41. Bf1 Ne5 42. Rb1 Nd7 43. Rc1 Ne5 44. Rc3 Nd5 45. Rc2 Nf4 46. Kg3 Nh5+ 47. Kf2 Nf4 48. Ba6 Nd7 49. Rb2 Nd5 50. Be2 e5 51. Ba6 Nf4 1/2-1/2

[Event "UKR-chT Clubs"]
[Site "Alushta"]
[Date "2011.05.21"]
[Round "9.4"]
[White "Triapishko, Alexandr"]
[Black "Guk, Ilja"]
[Result "0-1"]
[WhiteElo "1957"]
[BlackElo "2272"]
[PlyCount "82"]
[EventDate "2011.05.13"]
[EventType "team-tourn"]
[EventRounds "9"]
[EventCountry "UKR"]
[SourceTitle "CBM 142 Extra"]
[Source "ChessBase"]
[SourceDate "2011.06.27"]
[SourceVersion "1"]
[SourceVersionDate "2011.06.27"]
[SourceQuality "1"]
[WhiteTeam "Simferopol"]
[BlackTeam "Chernigov With no mercy"]
[WhiteTeamCountry "UKR"]
[BlackTeamCountry "UKR"]

1. d4 Nf6 2. c4 e6 3. Nc3 Bb4 4. Qc2 c5 5. dxc5 0-0 6. a3 Bxc5 7. e3 b6 8. Nf3 Bb7 9. Be2 a6 10. 0-0 Be7 11. e4 d6 12. Re1 Nbd7 13. b3 Rc8 14. Bb2 Qc7 15. a4 Qb8 16. Bf1 Rfe8 17. Rad1 Qa8 18. Nd4 Nc5 19. f3 Bd8 20. g3 Be7 21. Bg2 Bf8 22. f4 Red8 23. h3 d5 24. cxd5 exd5 25. e5 Nfe4 26. Re3 Ne6 27. Nxe6 fxe6 28. Bxe4 dxe4 29. Rxd8 Rxd8 30. Nxe4 Bc5 31. Nxc5 bxc5 32. f5 Qc8 33. Qc4 Bd5 34. Qh4 Rf8 35. f6 Bb7 36. Qg4 g6 37. h4 Qc6 38. Qe2 Rd8 39. Bc3 Qh1+ 40. Kf2 Rd1 41. Rd3 Qg1# 0-1

[Event "UKR-chT Clubs"]
[Site "Alushta"]
[Date "2011.05.17"]
[Round "5.5"]
[White "Guk, Ilja"]
[Black "Derjabin, Ilja"]
[Result "0-1"]
[WhiteElo "2272"]
[BlackElo "2371"]
[PlyCount "78"]
[EventDate "2011.05.13"]
[EventType "team-tourn"]
[EventRounds "9"]
[EventCountry "UKR"]
[SourceTitle "CBM 142 Extra"]
[Source "ChessBase"]
[SourceDate "2011.06.27"]
[SourceVersion "1"]
[SourceVersionDate "2011.06.27"]
[SourceQuality "1"]
[WhiteTeam "Chernigov With no mercy"]
[BlackTeam "Crimea Gaz"]
[WhiteTeamCountry "UKR"]
[BlackTeamCountry "UKR"]

1. d4 Nf6 2. c4 c5 3. d5 b5 4. Qc2 Na6 5. a3 b4 6. Nd2 g6 7. e4 d6 8. f4 Bg7 9. Rb1 0-0 10. Ngf3 Rb8 11. Bd3 Ng4 12. Nb3 Bd7 13. h3 Nf6 14. e5 Ne8 15. Nbd2 e6 16. 0-0 exd5 17. cxd5 Nac7 18. Bc4 Bf5 19. Ne4 dxe5 20. fxe5 Nxd5 21. Bg5 Qd7 22. Rbd1 Nec7 23. Nh4 Be6 24. Nf6+ Bxf6 25. Bxf6 bxa3 26. Qc1 axb2 27. Qg5 b1Q 28. Rxb1 Rxb1 29. Rxb1 Nxf6 30. Bxe6 Qd4+ 31. Kh1 Ne4 32. Bxf7+ Rxf7 33. Qh6 Nf2+ 34. Kh2 Qxe5+ 35. Kg1 Ne8 36. Nf3 Rxf3 37. gxf3 Qg3+ 38. Kf1 Qxf3 39. Ke1 Qe4+ 0-1

[Event "UKR-chT Clubs"]
[Site "Alushta"]
[Date "2011.05.15"]
[Round "3.5"]
[White "Pastukhov, Igor"]
[Black "Guk, Ilja"]
[Result "1/2-1/2"]
[WhiteElo "2265"]
[BlackElo "2272"]
[PlyCount "97"]
[EventDate "2011.05.13"]
[EventType "team-tourn"]
[EventRounds "9"]
[EventCountry "UKR"]
[SourceTitle "CBM 142 Extra"]
[Source "ChessBase"]
[SourceDate "2011.06.27"]
[SourceVersion "1"]
[SourceVersionDate "2011.06.27"]
[SourceQuality "1"]
[WhiteTeam "Podillya Region"]
[BlackTeam "Chernigov With no mercy"]
[WhiteTeamCountry "UKR"]
[BlackTeamCountry "UKR"]

1. e4 e6 2. d4 d5 3. e5 c5 4. c3 Nc6 5. Nf3 Qb6 6. a3 Nh6 7. b4 cxd4 8. cxd4 Nf5 9. Be3 f6 10. b5 Nxe3 11. fxe3 Nd8 12. Bd3 Nf7 13. exf6 gxf6 14. 0-0 Bh6 15. e4 dxe4 16. Bxe4 0-0 17. Nc3 f5 18. Bc2 Bg7 19. Kh1 Qd6 20. Bb3 Bd7 21. Re1 Rad8 22. Qe2 Rfe8 23. Na4 b6 24. Nb2 Qf8 25. a4 h6 26. Nd3 Nd6 27. Rac1 Ne4 28. Rc7 Qd6 29. Rc4 Rc8 30. Nde5 Rxc4 31. Bxc4 Bc8 32. Qe3 Bb7 33. Qb3 Nf2+ 34. Kg1 Ng4 35. Nxg4 fxg4 36. Rxe6 Bxd4+ 37. Kf1 Rxe6 38. Bxe6+ Kg7 39. Bxg4 Bxf3 40. Qxf3 Qxh2 41. Be6 Qg1+ 42. Ke2 h5 43. Qf7+ Kh6 44. Qf4+ Kg7 45. Kd3 Bf6 46. Qg3+ Kh6 47. Qf4+ Kg7 48. Qg3+ Kh6 49. Qf4+ 1/2-1/2

[Event "Myrhorod op"]
[Site "Myrhorod"]
[Date "2010.07.13"]
[Round "8"]
[White "Naboka, Sergey"]
[Black "Guk, Ilja"]
[Result "1-0"]
[WhiteElo "2104"]
[BlackElo "2277"]
[PlyCount "75"]
[EventDate "2010.07.09"]
[EventType "swiss"]
[EventRounds "9"]
[EventCountry "UKR"]
[SourceTitle "CBM 137 Extra"]
[Source "ChessBase"]
[SourceDate "2010.09.01"]
[SourceVersion "1"]
[SourceVersionDate "2010.09.01"]
[SourceQuality "1"]

1. e4 c5 2. Nf3 d6 3. Bb5+ Bd7 4. Bxd7+ Nxd7 5. 0-0 Ngf6 6. Re1 e6 7. c3 Be7 8. d4 cxd4 9. cxd4 d5 10. e5 Ne4 11. Nc3 Nxc3 12. bxc3 0-0 13. Rb1 Nb6 14. Qd3 Rc8 15. Bd2 Rc7 16. Rb3 Nc4 17. Bf4 a6 18. a4 h6 19. Nd2 Na5 20. Rbb1 Qd7 21. Re3 Rfc8 22. Rc1 Qxa4 23. Rg3 Kh8 24. Rh3 Bf8 25. g4 b5 26. Nf3 Qc4 27. Qe3 Qb3 28. Ng5 b4 29. Qd3 g6 30. Nxf7+ Rxf7 31. Bxh6 Bxh6 32. Rxh6+ Rh7 33. Qxg6 Rxh6 34. Qxh6+ Kg8 35. Qxe6+ Kg7 36. Qxc8 Nc4 37. Qb7+ Kg6 38. Qxb4 1-0

[Event "Myrhorod op"]
[Site "Myrhorod"]
[Date "2010.07.09"]
[Round "2"]
[White "Guk, Ilja"]
[Black "Kisel, Nikita"]
[Result "0-1"]
[WhiteElo "2277"]
[BlackElo "1988"]
[PlyCount "98"]
[EventDate "2010.07.09"]
[EventType "swiss"]
[EventRounds "9"]
[EventCountry "UKR"]
[SourceTitle "CBM 137 Extra"]
[Source "ChessBase"]
[SourceDate "2010.09.01"]
[SourceVersion "1"]
[SourceVersionDate "2010.09.01"]
[SourceQuality "1"]

1. d4 Nf6 2. c4 e6 3. Nc3 Bb4 4. e3 c5 5. Nge2 0-0 6. a3 cxd4 7. exd4 Be7 8. d5 d6 9. Ng3 e5 10. Bd3 Ne8 11. 0-0 f5 12. f3 g6 13. Nge2 Bf6 14. Be3 Nd7 15. b4 Qe7 16. Rc1 Bg5 17. Qd2 Bxe3+ 18. Qxe3 Nef6 19. Nd4 Nb6 20. Ndb5 Kh8 21. a4 f4 22. Qf2 Bf5 23. Ne4 Bxe4 24. Bxe4 Qd7 25. Nxa7 Rxa7 26. Qxb6 Rxa4 27. Ra1 Rfa8 28. Rxa4 Rxa4 29. Bd3 Ra3 30. Rd1 Ra2 31. Bf1 Ra6 32. Qf2 Ra4 33. Qb2 b6 34. c5 bxc5 35. bxc5 Qa7 36. Qb6 Qxb6 37. cxb6 Rb4 38. Rc1 Nxd5 39. Rc6 Rxb6 40. Rc8+ Kg7 41. Bc4 Ne3 42. Rc7+ Kh6 43. Bg8 Rb1+ 44. Kf2 Rb2+ 45. Kg1 Rxg2+ 46. Kh1 g5 47. Bxh7 Rb2 48. Bd3 e4 49. fxe4 Rd2 0-1

[Event "UKR-chT 17th"]
[Site "Alushta"]
[Date "2010.05.14"]
[Round "3.3"]
[White "Prokhorov, Alexander"]
[Black "Guk, Ilja"]
[Result "1/2-1/2"]
[WhiteElo "2238"]
[BlackElo "2300"]
[PlyCount "116"]
[EventDate "2010.05.13"]
[EventType "team-tourn"]
[EventRounds "11"]
[EventCountry "UKR"]
[SourceTitle "EXT 2019"]
[Source "ChessBase"]
[SourceDate "2018.10.10"]
[SourceVersion "1"]
[SourceVersionDate "2018.10.10"]
[SourceQuality "1"]
[WhiteTeam "Luhansk LugPokerChess"]
[BlackTeam "Tschernihiw No Mercy"]
[WhiteTeamCountry "UKR"]
[BlackTeamCountry "UKR"]

1. e4 e6 2. d4 d5 3. e5 c5 4. c3 Qb6 5. Nf3 Bd7 6. a3 a5 7. Be2 Nc6 8. 0-0 a4 9. Qd3 Na5 10. Nbd2 cxd4 11. cxd4 Ne7 12. Rd1 Nec6 13. Qe3 Be7 14. Rb1 0-0 15. b4 axb3 16. Nxb3 Nxb3 17. Rxb3 Qa7 18. Bd2 Na5 19. Bxa5 Qxa5 20. Rxb7 Rfd8 21. Ra1 Rab8 22. Rxb8 Rxb8 23. h4 Ba4 24. Qc1 Qd8 25. Qf4 Qf8 26. Bd1 Bxd1 27. Rxd1 Bxa3 28. Rd3 Rb1+ 29. Kh2 Bc1 30. Qg4 Qb4 31. Ng5 Bxg5 32. Qxg5 h6 33. Qd8+ Kh7 34. Qc7 Qb7 35. Qxb7 Rxb7 36. h5 g6 37. hxg6+ Kxg6 38. Rf3 Rb4 39. Rf4 Rb3 40. g3 Kg7 41. Kh3 Rd3 42. Kg2 Rd1 43. Kf3 Re1 44. Rg4+ Kh7 45. Kg2 Rd1 46. Rf4 Kg7 47. Kh3 Rh1+ 48. Kg4 Rd1 49. Kf3 Re1 50. Rh4 Kg6 51. Rf4 Kh7 52. Kg2 Rd1 53. Kh2 Kh8 54. Rh4 Kg7 55. Kg2 Kg6 56. Kf3 Re1 57. Rg4+ Kh7 58. Rf4 Kg7 1/2-1/2